Studies on biodegradation by bacterial species isolated from agricultural soils collected from Egypt / (رقم التسجيلة. 12116)

تفاصيل مارك
000 -LEADER
fixed length control field 012390000a22002890004500
003 - CONTROL NUMBER IDENTIFIER
control field EG-GICUC
005 - DATE AND TIME OF LATEST TRANSACTION
control field 20250223025409.0
008 - FIXED-LENGTH DATA ELEMENTS--GENERAL INFORMATION
fixed length control field 080715s1998 ua dh f m 000 0 eng d
040 ## - CATALOGING SOURCE
Original cataloging agency EG-GICUC
Language of cataloging eng
Transcribing agency EG-GICUC
041 0# - LANGUAGE CODE
Language code of text/sound track or separate title Eng
049 ## - LOCAL HOLDINGS (OCLC)
Holding library Deposite
097 ## - Thesis Degree
Thesis Level Ph.D
099 ## - LOCAL FREE-TEXT CALL NUMBER (OCLC)
Classification number Cai01.12.05.Ph.D.1998.Yo.S
100 0# - MAIN ENTRY--PERSONAL NAME
Personal name Youssef Mohamed Emam Abdelmawgoud
245 10 - TITLE STATEMENT
Title Studies on biodegradation by bacterial species isolated from agricultural soils collected from Egypt /
Statement of responsibility, etc. Youssef Mohamed Emam Abdelmawgoud ; Supervised Samy Elabyad , Doreya A.Zaki , Sayed K.Goda
246 15 - VARYING FORM OF TITLE
Title proper/short title دراسات على التحلل البيولوجى بانواع من البكتريا المعزولة من الاراضى الزراعية فى مصر
260 ## - PUBLICATION, DISTRIBUTION, ETC.
Place of publication, distribution, etc. Cairo :
Name of publisher, distributor, etc. Youssef Mohamed Emam Abdelmawgoud ,
Date of publication, distribution, etc. 1998
300 ## - PHYSICAL DESCRIPTION
Extent 244P. :
Other physical details charts , facsimiles ;
Dimensions 30cm
502 ## - DISSERTATION NOTE
Dissertation note Thesis (Ph.D.) - Cairo University - Faculty Of Science - Department Of Botany (Microbiology)
700 0# - ADDED ENTRY--PERSONAL NAME
Personal name Doreya A.Zaki ,
Relator term
700 0# - ADDED ENTRY--PERSONAL NAME
Personal name Samy Elabyad ,
Relator term
700 0# - ADDED ENTRY--PERSONAL NAME
Personal name Sayed K.Goda ,
Relator term
856 ## - ELECTRONIC LOCATION AND ACCESS
Uniform Resource Identifier <a href="http://172.23.153.220/th.pdf">http://172.23.153.220/th.pdf</a>
905 ## - LOCAL DATA ELEMENT E, LDE (RLIN)
Cataloger Mustafa
Reviser Revisor
905 ## - LOCAL DATA ELEMENT E, LDE (RLIN)
Cataloger Samia
Reviser Cataloger
942 ## - ADDED ENTRY ELEMENTS (KOHA)
Source of classification or shelving scheme Dewey Decimal Classification
Koha item type Thesis
المقتنيات
Source of classification or shelving scheme Not for loan Home library Current library Date acquired Full call number Barcode Date last seen Koha item type
Dewey Decimal Classification   المكتبة المركزبة الجديدة - جامعة القاهرة قاعة الرسائل الجامعية - الدور الاول 11.02.2024 Cai01.12.05.Ph.D.1998.Yo.S 01010110033392000 22.09.2023 Thesis
Cairo University Libraries Portal Implemented & Customized by: Eng. M. Mohamady Contacts: new-lib@cl.cu.edu.eg | cnul@cl.cu.edu.eg
CUCL logo CNUL logo
© All rights reserved — Cairo University Libraries
CUCL logo
Implemented & Customized by: Eng. M. Mohamady Contact: new-lib@cl.cu.edu.eg © All rights reserved — New Central Library
CNUL logo
Implemented & Customized by: Eng. M. Mohamady Contact: cnul@cl.cu.edu.eg © All rights reserved — Cairo National University Library